000 00449nam a2200205Ia 4500
001 14466
003 GE_BSU
008 181216s||||||||xx |||||||||||||| ||und||
020 _a9780007841530
040 _cGE_BSU
080 _a821.111-3
100 _aJaye,Lola
245 _aBy the time. You Read this
260 _aLondon
260 _bHarper
260 _c2008
300 _a321p.20cm.
653 _aBy the time. You Read this
942 _cBK
999 _c47599
_d47599